| 000 | 00449cam a2200157ua 4500 | ||
|---|---|---|---|
| 020 | _c140.00 | ||
| 041 |
_amal _h |
||
| 082 |
_a494.81203 _bMAD/NB |
||
| 100 | _aMadhavan , Pillai . | ||
| 245 |
_aN B S Concise English Malayalam Dictionary / _cMadhavan Pillai. _hTextual Documents |
||
| 260 |
_aKottayam : _bSahitya Pravarthaka Co-operative Society , _c1994. |
||
| 300 | _a914 ; . | ||
| 365 | _a140.00 | ||
| 942 | _cBK | ||
| 999 |
_c4855 _d4855 |
||